000 00852nam a22002417a 4500
003 UA-OsUOA
001 126785
007 ta
008 20171106b un ||||| |||| 00| 0 ukr d
100 _aДенисова Т.Н.
090 _a82(091)(73)
_bД33
942 _cBK
040 _aUA-OsUOA
_bukr
_cUA-OsUOA
_dUA-OsUOA
245 _aІсторія американської літератури ХХ століття.
_bнавч. посібник для студентів вищ. навч. закладів
300 _a487 с.
_bІлюстрації
955 _a1
041 _aukr
080 _a82(091)(73)
020 _a978-966-518-593-2
260 _aК.
_bВид.дім"Києво-Могилянська академія"
_c2012
650 7 _a82 Література. Літературознавство
_2UDC
999 _c413930
_d413930